000 01077nam a22003497a 4500
001 0011236
003 KOHA_MİRAKIL
005 20260207001810.0
007 ta
008 091202b2006 tu |||gr||||#||||0|tur |
020 _a9944630624
040 _aTR-BiSEU
_btur
_cTR-BiSEU
_erda
041 0 _atur
044 _ctu
050 _aJF56.T9
_bT62 2006
100 1 _aTopur, Tuncer.
245 1 _aKüreselleşme jeopolitika ve Milli Güvenlik/
_cTuncer Topur ; Tuncer Topur; editör İrfan Bülbül.
264 1 _aİstanbul :
_bOkumuş Adam Yayınları
_c2006
300 _a304 sayfa; 20 cm.
336 _ametin
_btxt
_2rdacontent
337 _aaracısız
_bn
_2rdamedia
338 _acilt
_bnc
_2rdacarrier
490 1 _aOkumuş Adam Yayınları ;
_v70.
490 1 _aİnceleme - Araştırma ;21.
500 _aKaynakça var.
650 0 _aKüreselleşme.
_96273
650 0 _aJeopolitika.
_927361
650 0 _aMilli Güvenlik.
_927362
830 1 _aOkumuş Adam Yayınları ;
_v70.
_96251
830 1 _aİnceleme - Araştırma ;21.
_927363
942 _2lcc
_cBK
999 _c11206
_d11206